00169nam a2200061Ia 4500008004100000100002000041245004600061120527s9999 xx 000 0 und d aCleary & watson aPsychology: development of the human soul